Úplné znenie zákona o daňových orgánoch

Úplné znenie zákona č. 150/2001 Z.z. zo 6. apríla 2001 o daňových orgánoch, ktorým sa mení a dopĺňa zákon č. 440/2000 Z.z. o správach finančnej kontroly. Príloha k zákonu: Obvody v pôsobnosti daňových úradov v Slovenskej republiky.

Salvato in:
Dettagli Bibliografici
Natura: Capitolo di libro
Lingua:slovacco
Soggetti:
Tags: Aggiungi Tag
Nessun Tag, puoi essere il primo ad aggiungerne!!

MARC

LEADER 00000naa a2200000 4500
001 r041971
005 20231003084738.4
041 0 |a slo 
044 |a SK 
245 1 0 |a Úplné znenie zákona o daňových orgánoch 
520 |a Úplné znenie zákona č. 150/2001 Z.z. zo 6. apríla 2001 o daňových orgánoch, ktorým sa mení a dopĺňa zákon č. 440/2000 Z.z. o správach finančnej kontroly. Príloha k zákonu: Obvody v pôsobnosti daňových úradov v Slovenskej republiky. 
610 2 0 |a úrady daňové 
610 2 0 |a úrady finančné 
610 2 0 |a správa daňová 
610 2 0 |a kontrola finančná 
610 2 0 |a okresy 
610 2 0 |a Slovensko 
610 2 0 |a zákony 
610 2 0 |a 2001